01602nam a2200373 a 4500001001200000003000800012006001900020007001500039008004100054010001700095020003100112020002800143040002100171035002100192050002400213082001700237245011400254260010500368300003200473490001800505504005100523533015200574650004600726650005600772650005600828650005200884650004200936655002900978700001901007710004001026710001701066830001901083856012601102ebr10453756CaPaEBRm u cr cn|||||||||080415s2008 nyua sbf 001 0 eng d z 2008017325 z9781568987606 (alk. paper) z1568987609 (alk. paper) aCaPaEBRcCaPaEBR a(OCoLC)73295582814aZ285.5b.I53 2008eb04a070.5/9322200aIndie publishingh[electronic resource] :bhow to design and produce your own book /cedited by Ellen Lupton. aNew York :bPrinceton Architectural Press ;aBaltimore :bMaryland Institute College of Art,cc2008. a174 p. :bill. (some col.).1 aDesign briefs aIncludes bibliographical references and index. aElectronic reproduction.bPalo Alto, Calif. :cebrary,d2013.nAvailable via World Wide Web.nAccess may be limited to ebrary affiliated libraries. 0aSelf-publishingvHandbooks, manuals, etc. 0aPublishers and publishingvHandbooks, manuals, etc. 0aBook industries and tradevHandbooks, manuals, etc. 0aElectronic publishingvHandbooks, manuals, etc. 0aBook designvHandbooks, manuals, etc. 7aElectronic books.2local1 aLupton, Ellen.2 aMaryland Institute, College of Art.2 aebrary, Inc. 0aDesign briefs.40uhttp://site.ebrary.com/lib/rucke/Doc?id=10453756zAn electronic book accessible through the World Wide Web; click to view